• 首页
  • 本馆介绍
  • 公告通知
  • 最新文献
  • 馆藏检索
  • 电子资源
  • 读者导购
  • 参考咨询
  • 我的图书馆
  • 登录
  • 详细信息显示
  • 放入我的书架
  • 预约/预借图书
  • 作者相关作品
  • 分类相关作品
  • 丛书相关作品
  • 出版社相关作品

书目信息

  • 表格格式
  • 工作单格式
  • 卡片格式
题名:
虚拟仿真教学资源与人才培养模式改革
    
 
作者: 朱应雨, 编著
分册:  
出版信息: 上海   上海交通大学出版社  2018
页数: 211页
开本: 26cm
丛书名:
单 册:
中图分类: G434 , G649.2
科图分类:
主题词: 机器教学--Ji Qi Jiao Xue--影响--高等学校--人才培养--研究--中国
电子资源:
ISBN: 978-7-313-19933-1
000 01045cam0 2200265 450
001 012001007496
005 20131019162527.0
010    @a978-7-313-19933-1@dCNY49.00
099    @aCAL 012018182592
100    @a20181126d2018 em y0chiy50 ea
101 0  @achi
102    @aCN@b310000
105    @aak a 001yy
106    @ar
200 1  @a虚拟仿真教学资源与人才培养模式改革@AXu Ni Fang Zhen Jiao Xue Zi Yuan Yu Ren Cai Pei Yang Mo Shi Gai Ge@f朱应雨编著
210    @a上海@c上海交通大学出版社@d2018
215    @a211页@c图@d26cm
320    @a有书目 (第210-211页) 和索引
330    @a本书属于教育学范畴相关的著作,主要由虚拟仿真教学的基础理论、人才培养体系的内涵解读、虚拟仿真教学对人才培养的影响作用、本专业虚拟仿真训练对学生专业技术能力的提升、跨专业虚拟仿真实训对学生综合能力的提升等部分组成。
606 0  @a机器教学@AJi Qi Jiao Xue@x影响@x高等学校@x人才培养@x研究@y中国
690    @aG434@v5
690    @aG649.2@v5
701  0 @a朱应雨,@AZhu Yingyu@f1980-@4编著
801  0 @aCN@b上海新华@c20191020
905    @b1176921-4@dG434@e171@f4
    
    虚拟仿真教学资源与人才培养模式改革/朱应雨编著.-上海:上海交通大学出版社,2018
    211页:图;26cm
    
    
    ISBN 978-7-313-19933-1:CNY49.00
    本书属于教育学范畴相关的著作,主要由虚拟仿真教学的基础理论、人才培养体系的内涵解读、虚拟仿真教学对人才培养的影响作用、本专业虚拟仿真训练对学生专业技术能力的提升、跨专业虚拟仿真实训对学生综合能力的提升等部分组成。
●
相关链接 在E读中查询图书 在五车中查询图书 在当当中查询图书 在豆瓣中查询图书


正题名:虚拟仿真教学资源与人才培养模式改革     索取号:G434/171         预约/预借

序号 登录号 条形码 馆藏地/架位号 状态 备注
1 1176921   211769219   第一样本阅览室/ [索取号:G434/171] 在馆    
2 1176922   211769228   第四借阅区/ [索取号:G434/171] 在馆    
3 1176923   211769237   第四借阅区/ [索取号:G434/171] 在馆    
4 1176924   211769246   第四借阅区/ [索取号:G434/171] 在馆    
唐山师范学院图书馆 欢迎您!
大连网信软件有限公司© 版权所有